Online Catalogue and eLibrary

Sri Lankan repatriates in Tamil Nadu (Record no. 2525)

MARC details
000 -LEADER
fixed length control field 00435nam a2200157Ia 4500
005 - DATE AND TIME OF LATEST TRANSACTION
control field 20240416051049.0
008 - FIXED-LENGTH DATA ELEMENTS--GENERAL INFORMATION
fixed length control field 240331s9999 xx 000 0 und d
082 ## - DDC Classification
Item Number - Author Mark VAM
Class No. 323.632
100 ## - MAIN ENTRY--PERSONAL NAME
Personal name Vamadevan, M
245 #0 - TITLE STATEMENT
Title Sri Lankan repatriates in Tamil Nadu
Remainder of title Rehabilitation and integration /
Statement of responsibility, etc. M. Vamadevan
250 ## - EDITION STATEMENT
Edition statement 1st.
260 ## - PUBLICATION, DISTRIBUTION, ETC.
Place of publication, distribution, etc. Madras .
Name of publisher, distributor, etc. Zen Publishers .
Date of publication, distribution, etc. 1989
300 ## - PHYSICAL DESCRIPTION
Extent (e.g. Volumes, Pages etc.) ix, 196 p.,
650 ## - SUBJECT ADDED ENTRY--TOPICAL TERM
Topical term or geographic name entry element Economic
942 ## - Koha item type (Biblio)
Koha item type Books in Stacks (Lending)
Holdings
Lost status Damaged status Collection code Home library Current library Shelving location Date acquired Full call number Accession Number Item type
    Lending WERC Library WERC Library Social Science Cupboard 03/31/2024 323.632 VAM 475 Books in Stacks (Lending)

© WERC Library